| 000 | 00372nam a2200133Ia 4500 | ||
|---|---|---|---|
| 008 | 191201s2003 xx 000 0 und d | ||
| 082 |
_a621.4021 _bNAF |
||
| 100 | _a ROY, Narayan Bimalendu | ||
| 245 | 0 | _aFundamentals of Classical and Statistical Thermodynamics | |
| 260 |
_aN.Delhi _bJohn Willey and Sons _c2003 |
||
| 300 | _a743 | ||
| 650 | _aB.Tech(ME) | ||
| 942 |
_2ddc _cBK |
||
| 999 |
_c1889 _d1889 |
||